000 00707nam a2200217 i 4500
001 75667
003 ES-MaACL
005 20250728221708.0
007 t|
008 040927s1952 sp |||| | spa d
100 1 _aGrassi, Ernesto.
_959707
245 1 4 _aLas ciencias de la naturaleza y del espíritu /
_cE. Grassi y Th. von Uexküll ; traducción y prólogo por Adolfo Muñoz Alonso.
250 _a1ª ed.
260 _aBarcelona :
_bLuis Miracle,
_c1952 (
_fBachs)
300 _a262 p. ;
_c22 cm.
650 7 _aFilosofía de la naturaleza
_2embne
_912839
700 1 _aMuñoz Alonso, Adolfo.
_984346
700 1 _aUexküll, Th. von.
_9111876
852 _aES-MaACL
_jD-9288
999 _c75667
_d75667